Normal view
MARC view
Entry Personal Name
001 - CONTROL NUMBER
- control field: 15709
003 - CONTROL NUMBER IDENTIFIER
- control field: OSt
005 - DATE AND TIME OF LATEST TRANSACTION
- control field: 20250325032748.0
008 - FIXED-LENGTH DATA ELEMENTS
- fixed length control field: 250325|| aca||aabn | a|a d
040 ## - CATALOGING SOURCE
- Original cataloging agency: OSt
- Transcribing agency: OSt
100 ## - HEADING--PERSONAL NAME
- Personal name: Vergara, Joel A., author
670 ## - SOURCE DATA FOUND
- Source citation: Work cat.: (OSt): Roa, Lina S., author. 15707, Factors Affecting the Instructiors'/Professors' Burnout of the Cavite State University (CvSU), Rosario Campus, S.Y. 2002-2003 / , 2003
